000 00407nam a2200157Ia 4500
008 230524s9999 xx 000 0 und d
082 _a621.38
_bSUB
100 _aVedam Subrahmanyam
245 0 _a"Power Electronics Devices, Converters, Application"
250 _a2ND
260 _aNEW DELHI
_bNew Age
_c2006
300 _aXVI;861
500 _aQuantity Number: 2
650 _aElectrical
942 _cBK
999 _c37112
_d37112